000
00296nam a2200121Ia 4500
008
190216s9999||||xx |||||||||||||| ||und||
100
_a
Sharma .v.s
245
0
_a
Advanced Differential Calculus
260
_b
Krishna Prakasan Mandir
_c
1997
300
_a
242
650
_a
Mathematics
942
_c
BK
999
_c
31302
_d
31302